<?xml version="1.0" encoding="UTF-8"?><record xmlns="http://www.loc.gov/MARC21/slim" xmlns:zs="http://docs.oasis-open.org/ns/search-ws/sruResponse">
  <leader>04330cidaa22008297i 4500</leader>
  <controlfield tag="001">20647009</controlfield>
  <controlfield tag="005">20250607091205.1</controlfield>
  <controlfield tag="007">cr n|a||||||||</controlfield>
  <controlfield tag="008">171227s2011    okunnn         t    eng  </controlfield>
  <datafield ind1=" " ind2=" " tag="035">
    <subfield code="a">20647009</subfield>
  </datafield>
  <datafield ind1=" " ind2=" " tag="906">
    <subfield code="a">0</subfield>
    <subfield code="b">ibc</subfield>
    <subfield code="c">orignew</subfield>
    <subfield code="d">u</subfield>
    <subfield code="e">ncip</subfield>
    <subfield code="f">20</subfield>
    <subfield code="g">y-folklife</subfield>
  </datafield>
  <datafield ind1=" " ind2=" " tag="955">
    <subfield code="a">kere 2017-12-27</subfield>
    <subfield code="a">kere 2018-10-04</subfield>
    <subfield code="a">masmit 2020-06-03</subfield>
  </datafield>
  <datafield ind1=" " ind2=" " tag="010">
    <subfield code="a">  2017655386</subfield>
  </datafield>
  <datafield ind1=" " ind2=" " tag="040">
    <subfield code="a">DLC</subfield>
    <subfield code="b">eng</subfield>
    <subfield code="e">dacs</subfield>
    <subfield code="c">DLC</subfield>
  </datafield>
  <datafield ind1="0" ind2=" " tag="041">
    <subfield code="a">eng</subfield>
    <subfield code="d">ita</subfield>
  </datafield>
  <datafield ind1=" " ind2=" " tag="043">
    <subfield code="a">n-us-ok</subfield>
  </datafield>
  <datafield ind1=" " ind2=" " tag="090">
    <subfield code="a">AFC 2012/003: 00288</subfield>
  </datafield>
  <datafield ind1="1" ind2=" " tag="100">
    <subfield code="a">Loyal, Luciana,</subfield>
    <subfield code="d">1949-2012</subfield>
    <subfield code="e">interviewee.</subfield>
  </datafield>
  <datafield ind1="1" ind2="0" tag="245">
    <subfield code="a">Luciana Loyal interview conducted by Tanya Ducker Finchum and Juliana M. Nykolaiszyn, 2011-09-19.</subfield>
  </datafield>
  <datafield ind1=" " ind2="0" tag="264">
    <subfield code="c">2011-09-19</subfield>
  </datafield>
  <datafield ind1=" " ind2=" " tag="300">
    <subfield code="a">1 sound file (WAV) (1:55:52) :</subfield>
    <subfield code="b">digital, sound.</subfield>
  </datafield>
  <datafield ind1=" " ind2=" " tag="300">
    <subfield code="a">2 manuscripts :</subfield>
    <subfield code="b">PDF, text files.</subfield>
  </datafield>
  <datafield ind1=" " ind2=" " tag="336">
    <subfield code="a">spoken word</subfield>
    <subfield code="b">spw</subfield>
    <subfield code="2">rdacontent</subfield>
  </datafield>
  <datafield ind1=" " ind2=" " tag="337">
    <subfield code="a">audio</subfield>
    <subfield code="b">s</subfield>
    <subfield code="2">rdamedia</subfield>
  </datafield>
  <datafield ind1=" " ind2=" " tag="337">
    <subfield code="a">computer</subfield>
    <subfield code="b">c</subfield>
    <subfield code="2">rdamedia</subfield>
  </datafield>
  <datafield ind1=" " ind2=" " tag="338">
    <subfield code="a">online resource</subfield>
    <subfield code="b">cr</subfield>
    <subfield code="2">rdacarrier</subfield>
  </datafield>
  <datafield ind1=" " ind2=" " tag="500">
    <subfield code="a">This is the second interview with Luciana Loyal. Her first interview was recorded June 30, 2011 (LOC Filename: afc2012003_00287). Luciana Loyal passed away June 23, 2012.</subfield>
  </datafield>
  <datafield ind1="0" ind2=" " tag="506">
    <subfield code="a">Collection is open for research. To request materials, please contact the Folklife Reading Room at</subfield>
    <subfield code="u">http://hdl.loc.gov/loc.afc/folklife.contact</subfield>
  </datafield>
  <datafield ind1=" " ind2=" " tag="518">
    <subfield code="a">Recorded at Luciana Loyal's home , Hugo, Oklahoma, September 19, 2011.</subfield>
  </datafield>
  <datafield ind1=" " ind2=" " tag="520">
    <subfield code="a">Luciana "Lucy" Loyal, sixth-generation of the renowned Loyal Repensky family, was born in 1949 in Sarasota, Florida and performed a horseback riding act for much of her circus career. Lucy shared memories of being taught bareback riding by her grandfather and her father, and explained how important taking care of the horses was then and now. She talked about working various jobs within the circus such as running the cookhouse, selling tickets, bill posting, and costume design.</subfield>
  </datafield>
  <datafield ind1="8" ind2=" " tag="524">
    <subfield code="a">The "Big Top" Show Goes On : Archie Green Fellows Project, 2011-2012 (AFC 2012/003: 00288) Archive of Folk Culture, American Folklife Center, Library of Congress, Washington, D.C.</subfield>
  </datafield>
  <datafield ind1=" " ind2=" " tag="540">
    <subfield code="a">Duplication of collection materials may be governed by copyright and other restrictions.</subfield>
  </datafield>
  <datafield ind1=" " ind2=" " tag="545">
    <subfield code="a">To honor the memory of Archie Green (1917-2009), a fellowship program was established at the American Folklife Center in 2010. Archie Green Fellowships support new research in the contemporary culture and traditions of American workers.</subfield>
  </datafield>
  <datafield ind1=" " ind2=" " tag="546">
    <subfield code="a">In English and Italian.</subfield>
  </datafield>
  <datafield ind1="1" ind2="0" tag="600">
    <subfield code="a">Loyal, Luciana,</subfield>
    <subfield code="d">1949-2012</subfield>
    <subfield code="v">Interviews.</subfield>
  </datafield>
  <datafield ind1=" " ind2="0" tag="650">
    <subfield code="a">Accidents.</subfield>
  </datafield>
  <datafield ind1=" " ind2="0" tag="650">
    <subfield code="a">Age and employment.</subfield>
  </datafield>
  <datafield ind1=" " ind2="0" tag="650">
    <subfield code="a">Amusements.</subfield>
  </datafield>
  <datafield ind1=" " ind2="0" tag="650">
    <subfield code="a">Children of working parents.</subfield>
  </datafield>
  <datafield ind1=" " ind2="0" tag="650">
    <subfield code="a">Children.</subfield>
  </datafield>
  <datafield ind1=" " ind2="0" tag="650">
    <subfield code="a">Circus performers</subfield>
    <subfield code="z">Oklahoma</subfield>
    <subfield code="v">Interviews.</subfield>
  </datafield>
  <datafield ind1=" " ind2="0" tag="650">
    <subfield code="a">Circus workers</subfield>
    <subfield code="x">Social life and customs.</subfield>
  </datafield>
  <datafield ind1=" " ind2="0" tag="650">
    <subfield code="a">Circus workers</subfield>
    <subfield code="z">Oklahoma</subfield>
    <subfield code="v">Interviews.</subfield>
  </datafield>
  <datafield ind1=" " ind2="0" tag="650">
    <subfield code="a">Circus</subfield>
    <subfield code="x">Folklore.</subfield>
  </datafield>
  <datafield ind1=" " ind2="0" tag="650">
    <subfield code="a">Circus</subfield>
    <subfield code="z">Oklahoma.</subfield>
  </datafield>
  <datafield ind1=" " ind2="0" tag="650">
    <subfield code="a">Clothing and dress.</subfield>
  </datafield>
  <datafield ind1=" " ind2="0" tag="650">
    <subfield code="a">Education.</subfield>
  </datafield>
  <datafield ind1=" " ind2="0" tag="650">
    <subfield code="a">Employees</subfield>
    <subfield code="x">Dismissal of.</subfield>
  </datafield>
  <datafield ind1=" " ind2="0" tag="650">
    <subfield code="a">Families.</subfield>
  </datafield>
  <datafield ind1=" " ind2="0" tag="650">
    <subfield code="a">Jargon (Terminology).</subfield>
  </datafield>
  <datafield ind1=" " ind2="0" tag="650">
    <subfield code="a">Joking.</subfield>
  </datafield>
  <datafield ind1=" " ind2="0" tag="650">
    <subfield code="a">Mentoring.</subfield>
  </datafield>
  <datafield ind1=" " ind2="0" tag="650">
    <subfield code="a">Non-formal education.</subfield>
  </datafield>
  <datafield ind1=" " ind2="0" tag="650">
    <subfield code="a">Post-retirement employment.</subfield>
  </datafield>
  <datafield ind1=" " ind2="0" tag="650">
    <subfield code="a">Quality of work life.</subfield>
  </datafield>
  <datafield ind1=" " ind2="0" tag="650">
    <subfield code="a">Work and family.</subfield>
  </datafield>
  <datafield ind1=" " ind2="0" tag="650">
    <subfield code="a">Working mothers.</subfield>
  </datafield>
  <datafield ind1=" " ind2="0" tag="651">
    <subfield code="a">Hugo (Okla.)</subfield>
    <subfield code="e">event place.</subfield>
  </datafield>
  <datafield ind1=" " ind2="7" tag="655">
    <subfield code="a">Interviews (Sound recordings)</subfield>
    <subfield code="2">lcgft</subfield>
  </datafield>
  <datafield ind1=" " ind2="7" tag="655">
    <subfield code="a">Interviews.</subfield>
    <subfield code="2">lcgft</subfield>
  </datafield>
  <datafield ind1=" " ind2="7" tag="655">
    <subfield code="a">Oral histories.</subfield>
    <subfield code="2">lcgft</subfield>
  </datafield>
  <datafield ind1="1" ind2=" " tag="700">
    <subfield code="a">Finchum, Tanya,</subfield>
    <subfield code="e">interviewer.</subfield>
  </datafield>
  <datafield ind1="1" ind2=" " tag="700">
    <subfield code="a">Nykolaiszyn, Juliana,</subfield>
    <subfield code="e">interviewer.</subfield>
  </datafield>
  <datafield ind1="2" ind2=" " tag="710">
    <subfield code="a">Occupational Folklife Project,</subfield>
    <subfield code="e">sponsor.</subfield>
  </datafield>
  <datafield ind1="0" ind2=" " tag="773">
    <subfield code="t">The "Big Top" Show Goes On : Archie Green Fellows Project, 2011-2012</subfield>
    <subfield code="g">AFC 2012/003: 00288</subfield>
    <subfield code="w">(DLC) 2013655247</subfield>
  </datafield>
  <datafield ind1=" " ind2=" " tag="852">
    <subfield code="a">Library of Congress</subfield>
    <subfield code="b">Archive of Folk Culture, American Folklife Center,</subfield>
    <subfield code="e">101 Independence Ave. S.E., Washington, DC USA 20540-4610</subfield>
    <subfield code="u">http://hdl.loc.gov/loc.afc/folklife.home</subfield>
  </datafield>
  <datafield ind1="4" ind2="1" tag="856">
    <subfield code="f">afc2012003_00288_sr01</subfield>
    <subfield code="d">afc2012003</subfield>
    <subfield code="3">Interview audio of Luciana Loyal's interview.</subfield>
    <subfield code="u">http://hdl.loc.gov/loc.afc/afc2012003.afc2012003_00288_sr01</subfield>
  </datafield>
  <datafield ind1="4" ind2="1" tag="856">
    <subfield code="f">afc2012003_00288_ms01</subfield>
    <subfield code="d">afc2012003</subfield>
    <subfield code="3">Interview transcript.</subfield>
  </datafield>
  <datafield ind1="4" ind2="1" tag="856">
    <subfield code="f">afc2012003_00288_ms02</subfield>
    <subfield code="d">afc2012003</subfield>
    <subfield code="3">Interview log.</subfield>
  </datafield>
  <datafield ind1=" " ind2=" " tag="985">
    <subfield code="a">afc/2012003</subfield>
  </datafield>
  <datafield ind1=" " ind2=" " tag="985">
    <subfield code="a">afc/agf</subfield>
  </datafield>
  <datafield ind1=" " ind2=" " tag="985">
    <subfield code="a">afc/ofp</subfield>
  </datafield>
</record>
